Description générale des monnaies des Rois Wisigoths d'Espagne / (Record no. 155218)

MARC details
000 -LEADER
campo de control de longitud fija 00697nam a22001815i 4500
001 - NÚMERO DE CONTROL
campo de control 155218
003 - IDENTIFICADOR DE NÚMERO DE CONTROL
campo de control ES-MaACL
005 - FECHA Y HORA DE LA ÚLTIMA TRANSACCIÓN
campo de control 20260329063015.0
008 - DATOS DE LONGITUD FIJA--INFORMACIÓN GENERAL
campo de control de longitud fija 970226s1872 fr |||| | fre d
040 ## - FUENTE DE CATALOGACIÓN
Centro catalogador/agencia de origen GA
Lengua de catalogación spa
Centro/agencia transcriptor CCPB | SIC
100 1# - ENTRADA PRINCIPAL--NOMBRE DE PERSONA
Nombre de persona Heiss, Aloïss,
Fechas asociadas al nombre n. 1820
9 (RLIN) 127837
245 10 - MENCIÓN DEL TÍTULO
Título Description générale des monnaies des Rois Wisigoths d'Espagne /
Mención de responsabilidad, etc. par Aloiss Heiss...
260 ## - PUBLICACIÓN, DISTRIBUCIÓN, ETC.
Lugar de publicación, distribución, etc. Paris :
Nombre del editor, distribuidor, etc. [s.n.],
Fecha de publicación, distribución, etc. 1872 (
Fabricante Imprimé par autorisation de M. Le Garbe del sceaux á limprimerie Nationale)
300 ## - DESCRIPCIÓN FÍSICA
Extensión III, 185 p., XIII h. de lám. ;
Dimensiones 32 cm.
650 #4 - PUNTO DE ACCESO ADICIONAL DE MATERIA--TÉRMINO DE MATERIA
Término de materia o nombre geográfico como elemento de entrada Monedas visigodas.
9 (RLIN) 136611
852 ## - LOCALIZACIÓN
Ubicación ES-MaACL
Número de control de estantería B-3829
Nota libre -- Enc. hol.
Holdings
Estatus retirado Estado de pérdida Estado de daño No para préstamo Colección Biblioteca de origen Biblioteca actual Ubicación en estantería Fecha de adquisición Fuente de adquisición Total de préstamos Signatura topográfica completa Código de barras Visto por última vez Precio de reemplazo Tipo de ítem Koha
        Libros del s. XIX Biblioteca del Ateneo de Madrid Biblioteca del Ateneo de Madrid Sala Pardo Bazán 17/01/2008     B-3829 1162366 23/02/2023 23/02/2023 Libro impreso antiguo